| 000 | 00889nam a22002897a 4500 | ||
|---|---|---|---|
| 001 | 200461147 | ||
| 003 | TR-AnTOB | ||
| 005 | 20241114101613.0 | ||
| 008 | 240624b tu ||||| |||| 00| 0 tur d | ||
| 020 | _a9789752117389 | ||
| 040 |
_aTR-AnTOB _beng _erda _cTR-AnTOB |
||
| 041 | _atur | ||
| 092 |
_a813.42 _bPOR 2020 |
||
| 100 | 1 |
_aPortakal, Asuman, _d1978- _eAuthor. _9140366 |
|
| 245 |
_aZeplin teyze’nin yıldızları / _cAsuman Portakal ; resimleyen : Saadet Ceylan |
||
| 250 | _a5. bs. | ||
| 260 |
_aİstanbul : _bAltın Kitaplar ; _c2020. |
||
| 300 |
_a126 Pages. : _bill. ; _c19 cm. |
||
| 336 |
_atext _btxt _2rdacontent |
||
| 337 |
_aunmediated _bn _2rdamedia |
||
| 338 |
_avolume _bnc _2rdacarrier |
||
| 653 | _aTürk edebiyatı | ||
| 700 | 1 |
_aCeylan, Saadet, _d1955- _eillustrator. _9138488 |
|
| 942 |
_2ddc _cBK |
||
| 999 |
_c200461147 _d79359 |
||